CLASSICAL USES OF MEDICINAL PLANTS (Record no. 1185372)

MARC details
000 -LEADER
fixed length control field 00449nam a2200169Ia 4500
008 - FIXED-LENGTH DATA ELEMENTS--GENERAL INFORMATION
fixed length control field 240830s1996 xx 000 0 und d
041 ## - LANGUAGE CODE
Language code of text/sound track or separate title eng
082 ## - DEWEY DECIMAL CLASSIFICATION NUMBER
Classification number 615.537 SHA
100 ## - MAIN ENTRY--PERSONAL NAME
Personal name SHARMA P.V.
245 ## - TITLE STATEMENT
Title CLASSICAL USES OF MEDICINAL PLANTS
250 ## - EDITION STATEMENT
Edition statement N.D.
260 ## - PUBLICATION, DISTRIBUTION, ETC.
Place of publication, distribution, etc. VARANSI
Name of publisher, distributor, etc. CENTRAL COUNCIL FOR RESEARCH IN AYURVEDA & SIDDHA
Date of publication, distribution, etc. 1996
300 ## - PHYSICAL DESCRIPTION
Extent 848p
650 ## - SUBJECT ADDED ENTRY--TOPICAL TERM
Topical term or geographic name entry element DRAVYAGUNA-VIGYAN
906 ## - LOCAL DATA ELEMENT F, LDF (RLIN)
a DRAVYAGUNA

No items available.